Cartas a Mileva

Mileva Maric (también llamada Mileva Maric-Einstein y Mileva Maric-Ajnštajn) (Titel, Voivodina, Imperio austrohúngaro, actual Serbia, 19/12/1875 - Zúrich, Suiza, 4/8/1948), matemática serbia, primera esposa de Albert Einstein. A veces contribuyó al aspecto matemático de sus teorías. Perteneciente a...

Descripción completa

Detalles Bibliográficos
Autor principal: Einstein, Albert, 1879-1955
Formato: Libro
Lenguaje:español
Publicado: Madrid : Mondadori, 1990.
Colección:Oscar 12
Materias:
Acceso en línea:

MARC

LEADER 00000cam a2200000 a 4500
001 008309
003 UAHC_CL
005 20240527184357.0
008 240516s1990 sp 000 spa
020 |a 8439717369 
035 |a CENTRAL 
040 |a UAHC_CL  |c UAHC_CL  |d UAHC_CL 
082 |a 836  |b E35  |2 21 
100 |a Einstein, Albert,  |d 1879-1955  |9 11773 
245 1 0 |a Cartas a Mileva  |c Albert Einstein.  
260 |a Madrid :  |b Mondadori,  |c 1990. 
300 |a 135 páginas. 
440 |a Oscar  |9 19629  |v 12 
520 |a Mileva Maric (también llamada Mileva Maric-Einstein y Mileva Maric-Ajnštajn) (Titel, Voivodina, Imperio austrohúngaro, actual Serbia, 19/12/1875 - Zúrich, Suiza, 4/8/1948), matemática serbia, primera esposa de Albert Einstein. A veces contribuyó al aspecto matemático de sus teorías. Perteneciente a una rica familia serbia. Discípula de Nikola Tesla, en 1896 fue la quinta mujer en ingresar en el Instituto Politécnico Federal de Zúrich, donde no logró graduarse, abandonando la École Polytechnique de Zurich sin diploma en 1901. Allí conoció a Einstein, con quien se casó en 1903. Durante su matrimonio ayudó a Einstein en un período crucial de sus descubrimientos científicos. 
600 0 |a Einstein, Albert,   |d 1879-1955  |v Correspondencia  |9 11774 
942 |c BK  |2 ddc 
952 |0 0  |1 0  |2 ddc  |4 0  |6 836_000000000000000_EIN  |7 0  |8 COMP  |9 99485  |a BC  |b BC  |c General  |d 2024-05-16  |e Donación: Andrés Varela  |l 0  |o 836 EIN  |p 1444176  |r 2025-11-26 00:00:00  |t 1  |w 2024-05-16  |y BK  |B LLEN 
999 |c 61710  |d 61710